| 000 | 00599cam a2200181 a 4500 | ||
|---|---|---|---|
| 999 |
_c7688 _d7688 |
||
| 003 | OSt | ||
| 005 | 20200317154808.0 | ||
| 008 | 030603s2002 sz a 000 0 eng d | ||
| 020 | _a9782884790109 | ||
| 082 | 0 | 0 |
_a778.936 _222 _bCLE |
| 100 | 1 | _aClements, John. | |
| 245 | 1 | 2 |
_aA comprehensive guide to digital landscape photography / _cJohn Clements. |
| 260 |
_aCrans-près-Céligny, Switzerland : _bAVA ; _aNew York : _bSterling Publishing Co., Inc., _c2002. |
||
| 300 |
_a128 p. : _bcol. ill. ; _c22 cm. |
||
| 650 | 0 | _aLandscape photography. | |
| 650 | 0 |
_aPhotography _xDigital techniques. |
|
| 942 | _2ddc | ||